000
00217nam a2200097Ia 4500
008
240331s9999 xx 000 0 und d
082
_b
PER
100
_a
Tamil university. ed
245
0
_a
perinjchol aharathi
942
_c
L
999
_c
5490
_d
5490